Derecho del registro civil

Detalles Bibliográficos
Autor principal: Linacero de la Fuente, Mara̕
Formato: Desconocido
Lenguaje:español
Publicado: Barcelona : Cl̀amo, D.L. 2002
Materias:
Acceso en línea:Acceso restringido

MARC

LEADER 00000ny a22000003n 4500
005 20110601132430.0
008 040415s2002 sp f 000 0 spa c
017 |a D.L. B.50262-2002 
020 |a 849586018X 
035 |a 302 
040 |a SpMaUCDE  |d vLex 
040 |a UMA.RE  |d vLex 
080 |a 347.183(460)(075.8) 
090 |c 402  |d 402 
100 1 |a Linacero de la Fuente, Mara̕ 
245 1 0 |a Derecho del registro civil  |h [Recurso electrn̤ico]  |c Mara̕ Linacero de la Fuente 
256 |a Servicio en ln̕ea 
260 |a Barcelona :  |b Cl̀amo,  |c D.L. 2002 
300 |a 351 p. ;  |c 24 cm 
504 |a Índice 
506 1 |a Contenido solo disponible en los productos indicados  |d vLex Global  |d vLex Global (Academic Edition, excluding Law Schools)  |d vLex Global (U.S. Academic Edition, Law Schools)  |d vLex Global (U.S. Academic Edition, excluding Law Schools)  |d vLex Global (Academic Edition, Law Schools) 
650 0 7 |a Inmobiliario y registral  |2 Tesauro vLex 
650 0 7 |a Registro civil  |2 Tesauro vLex 
650 0 7 |a Derecho registral  |2 Tesauro vLex 
740 0 |a vLex Libros (Servicios en ln̕ea) 
856 4 0 |u http://vlex.com/source/302  |z Acceso restringido 
942 |c BOOK 
999 0 |a Registers of births  |b Barcelona